Представление документа в формате MARC21

Поле Инд. ПП Название Значение
Тип записи a
Библиографический уровень m
001 Контрольный номер aea3c0c3859d4f23a906aa404e061ac1
005 Дата корректировки 20230620161219.0
040 b Код языка каталог. rus
041 0_ a Код языка текста rus
080 a Индекс УДК 004.62
084 a Индекс другой классификации/Индекс ББК 32.972.134
090 x Авторский знак Ч-93
097 b Оператор 02
100 1_ a Автор Чурбанова О. В.
245 10 a Заглавие Базы данных и знаний. Проектирование баз данных в Microsoft Access
b Продолж. заглавия учебно-методическое пособие
h Физич. носитель только электронный вариант
260 a Место издания Архангельск
b Издательство САФУ
c Дата издания 2015
300 a Объем 152 с.
510 0_ a Примечание о ссылках Книги и методические пособия
650 04 a Основная рубрика 50.41 Программное обеспечение вычислительных машин, комплексов и сетей
x Основная подрубрика 50.41.21 Системы управления базами данных (СУБД)
653 0_ a Ключевые слова базы данных; access; управление базами данных; вычислительные системы
700 12 a Другие авторы Чурбанов А. Л.
901 t Тип документа m